Players Who the Minnesota Twins Traded Away in 2025 - Statistics

General Stats
  • This quiz has been taken 15 times
  • The average score is 8 of 11
Answer Stats
Position New Team Return Answer % Correct
SS HOU Matt Mikulski Carlos Correa
100%
RP TB Taj Bradley Griffin Jax
88%
OF PHI Geremy Villoria, Hendry Mendez Harrison Bader
88%
RP PHI Mick Abel, Eduardo Tait Jhoan Durán
88%
RP TOR Kendry Rojas, Alan Roden Louis Varland
75%
1B TOR Kendry Rojas, Alan Roden Ty France
75%
UT CHC Sam Armstrong, Ryan Gallagher Willi Castro
75%
RP LAD James Outman Brock Stewart
63%
SP DET Enrique Jimenez Chris Paddack
63%
P DET Enrique Jimenez Randy Dobnak
63%
RP TEX Garrett Horn Danny Coulombe
50%
No matching quizzes found
Score Distribution
Percent of People with Each Score
Percentile by Number Answered
Your Score History
You have not taken this quiz